|
|
|
|
| LEADER |
00000naa2a2200000 4500 |
| 001 |
427330 |
| 005 |
20231101074633.0 |
| 035 |
|
|
|a (RuTPU)RU\TPU\prd\86484
|
| 035 |
|
|
|a RU\TPU\prd\28717
|
| 090 |
|
|
|a 427330
|
| 100 |
|
|
|a 20100907a2004 k y0rusy50 ca
|
| 101 |
0 |
|
|a rus
|
| 102 |
|
|
|a RU
|
| 200 |
1 |
|
|a Годоскоп амплитудных каналов Баксанского подземного сцинтиляционного телескопа на основе программируемых логических интегральных схем
|f А. Ф. Янин, К. Г. Компаниец, М. Б. Амельчаков и др.
|
| 225 |
1 |
|
|a Применение вычислительной техники в эксперименте
|
| 320 |
|
|
|a Библиогр.: 4 назв.
|
| 461 |
|
1 |
|0 (RuTPU)RU\TPU\prd\300
|x 0032-8162
|t Приборы и техника эксперимента
|f Российская академия наук
|d 1956-
|
| 463 |
|
1 |
|0 (RuTPU)RU\TPU\prd\86478
|t № 3
|v с. 61-64
|d 2004
|
| 610 |
1 |
|
|a годоскопы
|
| 610 |
1 |
|
|a Баксанский телескоп
|
| 610 |
1 |
|
|a амплитудные каналы
|
| 610 |
1 |
|
|a сцинтилляционные телескопы
|
| 610 |
1 |
|
|a логические интегральные схемы
|
| 610 |
1 |
|
|a структурные схемы
|
| 610 |
1 |
|
|a программирование
|
| 610 |
1 |
|
|a измерения импульсов
|
| 675 |
|
|
|a 681.325
|v 3
|
| 701 |
|
1 |
|a Янин
|b А. Ф.
|
| 701 |
|
1 |
|a Компаниец
|b К. Г.
|
| 701 |
|
1 |
|a Амельчаков
|b М. Б.
|
| 701 |
|
1 |
|a Горбачёв
|b Е. А.
|
| 701 |
|
1 |
|a Дзапарова
|b И. М.
|
| 701 |
|
1 |
|a Киндин
|b В. В.
|
| 701 |
|
1 |
|a Новосельцев
|b Ю. Ф.
|
| 701 |
|
1 |
|a Стриганов
|b П. С.
|
| 801 |
|
1 |
|a RU
|b 63413507
|c 20041008
|g PSBO
|
| 801 |
|
2 |
|a RU
|b 63413507
|c 20100908
|g RCR
|
| 942 |
|
|
|c BK
|